Présidents, nourriture ou les deux ? - Statistiques

Statistiques générales
  • Ce quiz a été pris 371 fois
  • Le résultat moyen est 6 sur 10
Statistiques - réponses
Question Réponse % Correct
Macaron Nourriture
97%
Ratatouille Nourriture
96%
Poutine Les deux
95%
Bukele Président
58%
Goulash Nourriture
56%
Escamoles Nourriture
53%
Mnangagwa Président
52%
Mattarella Président
46%
Buhari Président
44%
Lutefisk Nourriture
26%
Aucun quiz correspondant
Distribution des résultats
% des personnes avec chaque résultat
Percentile par nombre de réponses
Votre historique - résultats
Vous n’avez pas pris ce quiz